[Event "Titled Tuesday intern op 30th Apr Early"]
[Site "Chess.com INT"]
[Date "2024.04.30"]
[Round "10"]
[White "Vusatiuk, Vladimir"]
[Black "Quirke, Jeffrey"]
[Result "1-0"]
[WhiteElo "2309"]
[BlackElo "1992"]
[PlyCount "73"]
[EventDate "2024.04.30"]
[EventType "swiss (blitz)"]
[EventRounds "11"]
[EventCountry "USA"]
[SourceTitle "CB19_2024"]
[SourceDate "2024.05.08"]
[SourceVersion "1"]
[SourceVersionDate "2024.05.08"]
[SourceQuality "1"]

1. e4 c5 2. Nf3 Nc6 3. d4 cxd4 4. Nxd4 e5 5. Nb5 d6 6. c4 Be6 7. N1c3 a6 8. Na3 Nf6 9. Be3 g6 10. Be2 Bg7 11. 0-0 0-0 12. f3 Ne8 13. Nd5 f5 14. Bb6 Qd7 15. c5 Nd4 16. cxd6 Bxd5 17. exd5 Nxd6 18. Bxd4 exd4 19. Nc4 Nxc4 20. Bxc4 Kh8 21. Qd3 b5 22. Bb3 Rfe8 23. Rae1 Re3 24. Rxe3 dxe3 25. Qxe3 Bxb2 26. Re1 Bg7 27. h4 Rd8 28. Qe7 h6 29. Qxd7 Rxd7 30. Re6 Kh7 31. Rxa6 b4 32. Kf2 h5 33. Ke3 Bf8 34. Kd3 Be7 35. Kc4 Kg7 36. Kb5 Kf7 37. d6+ 1-0

[Event "Titled Tuesday intern op 01st Nov Early"]
[Site "Chess.com INT"]
[Date "2022.11.01"]
[Round "6"]
[White "Hoffmann, Asa"]
[Black "Vusatiuk, Vladimir"]
[Result "1-0"]
[WhiteElo "2185"]
[BlackElo "2308"]
[PlyCount "99"]
[EventDate "2022.11.01"]
[EventType "swiss (blitz)"]
[EventRounds "11"]
[EventCountry "USA"]
[SourceTitle "EXT 2024"]
[Source "ChessBase"]
[SourceDate "2023.10.10"]
[SourceVersion "1"]
[SourceVersionDate "2023.10.10"]
[SourceQuality "1"]

1. d4 Nf6 2. Bg5 c6 3. Nd2 d6 4. e4 Qa5 5. Bxf6 gxf6 6. Ngf3 f5 7. e5 dxe5 8. Nxe5 Nd7 9. Nec4 Qc7 10. c3 b5 11. Ne3 f4 12. Nc2 Nf6 13. Bd3 Rg8 14. g3 Bg4 15. f3 fxg3 16. fxg4 g2 17. Rg1 Qxh2 18. Nf3 Qg3+ 19. Ke2 Nd5 20. Nce1 Nf4+ 21. Kd2 Bh6 22. Kc2 Qf2+ 23. Qd2 Nxd3 24. Qxf2 Nxf2 25. Rxg2 Nxg4 26. Kb3 0-0-0 27. Nd3 f5 28. Re1 Ne3 29. Rh2 Ng4 30. Rh5 Bf8 31. Rxh7 Nf6 32. Rf7 Rg3 33. Nfe5 Kb7 34. Nc5+ Kb6 35. Ne6 Rd6 36. Nxf8 a5 37. Nfg6 Ne4 38. Nxe7 a4+ 39. Ka3 Rd8 40. Nxf5 Nd2 41. Nxg3 c5 42. b3 axb3 43. axb3 cxd4 44. c4 Ka5 45. Kb2 Kb4 46. Nd3+ Ka5 47. c5 b4 48. Rf6 Kb5 49. Rb6+ Ka5 50. Ra1# 1-0

[Event "Titled Tuesday intern op 01st Nov Late"]
[Site "Chess.com INT"]
[Date "2022.11.01"]
[Round "2"]
[White "Vusatiuk, Vladimir"]
[Black "Azarov, Sergei Nikolaevich"]
[Result "1-0"]
[WhiteElo "2308"]
[BlackElo "2562"]
[PlyCount "99"]
[EventDate "2022.11.01"]
[EventType "swiss (blitz)"]
[EventRounds "11"]
[EventCountry "USA"]
[SourceTitle "EXT 2024"]
[Source "ChessBase"]
[SourceDate "2023.10.10"]
[SourceVersion "1"]
[SourceVersionDate "2023.10.10"]
[SourceQuality "1"]

1. Nf3 Nf6 2. c4 e6 3. g3 d5 4. b3 d4 5. Bb2 c5 6. e3 Nc6 7. a3 e5 8. d3 dxe3 9. fxe3 e4 10. Ng5 Bg4 11. Qc2 Bd6 12. Nc3 Ne5 13. Ncxe4 h6 14. Nxf6+ Qxf6 15. Ne4 Qg6 16. Be2 0-0 17. 0-0-0 Bxe2 18. Qxe2 Rad8 19. Nxd6 Qxd6 20. d4 Nc6 21. Kb1 Rfe8 22. Qd2 Qg6+ 23. Ka2 a5 24. Rhe1 Qe4 25. d5 Ne5 26. Qxa5 Nd3 27. Qc3 Ne5 28. Qa5 Nd3 29. Rxd3 Qxd3 30. Qxc5 Qe4 31. Qd4 Qg6 32. b4 Re4 33. Qc3 Rde8 34. Kb3 f6 35. Bc1 Qf7 36. Bd2 b5 37. cxb5 Qxd5+ 38. Kb2 Rc4 39. e4 Qxb5 40. Qb3 Kh8 41. e5 Rxe5 42. Rxe5 Qxe5+ 43. Bc3 Qd5 44. a4 Qg2+ 45. Ka3 Qd5 46. b5 Qd3 47. Kb2 Qe2+ 48. Ka3 Qd3 49. Kb2 Qd5 50. b6 1-0

[Event "Titled Tuesday intern op 01st Nov Late"]
[Site "Chess.com INT"]
[Date "2022.11.01"]
[Round "1"]
[White "Vusatiuk, Vladimir"]
[Black "Bluebaum, Matthias"]
[Result "1-0"]
[WhiteElo "2308"]
[BlackElo "2651"]
[PlyCount "107"]
[EventDate "2022.11.01"]
[EventType "swiss (blitz)"]
[EventRounds "11"]
[EventCountry "USA"]
[SourceTitle "EXT 2024"]
[Source "ChessBase"]
[SourceDate "2023.10.10"]
[SourceVersion "1"]
[SourceVersionDate "2023.10.10"]
[SourceQuality "1"]

1. Nf3 d5 2. c4 d4 3. b4 c5 4. e3 Nf6 5. Bb2 dxe3 6. fxe3 cxb4 7. d4 e5 8. Nxe5 Bd6 9. Bd3 Bxe5 10. dxe5 Ng4 11. Qe2 Nc6 12. 0-0 Qg5 13. Rf4 Ngxe5 14. Bc2 Bg4 15. Qf2 0-0 16. Nd2 Rad8 17. Ne4 Qh6 18. Rf1 Bh5 19. Rh4 Ng4 20. Qf4 Qxf4 21. Rxf4 g6 22. Rfxg4 f5 23. Rxh5 fxe4 24. Rd5 Ne7 25. Bxe4 Rc8 26. Rd7 Rfe8 27. Bf6 Kf7 28. Bxe7 Rxe7 29. Rxe7+ Kxe7 30. Bxb7 Rb8 31. Re4+ Kd6 32. Bd5 a5 33. Re6+ Kc7 34. Ra6 Re8 35. Kf2 Rf8+ 36. Ke2 Rf5 37. Rxa5 Rg5 38. Ra7+ Kb6 39. Rxh7 Ka5 40. Ra7+ Kb6 41. Rb7+ Kc5 42. Rb5+ Kd6 43. Rxb4 Rh5 44. Rb6+ Kc7 45. Rxg6 Kd8 46. a4 Ke7 47. a5 Rh8 48. a6 Kd7 49. a7 Rd8 50. a8Q Rc8 51. Qxc8+ Ke7 52. Rg7+ Kf6 53. Qf8+ Ke5 54. Qf4# 1-0

[Event "Titled Tuesday intern op 01st Nov Late"]
[Site "Chess.com INT"]
[Date "2022.11.01"]
[Round "4"]
[White "Vusatiuk, Vladimir"]
[Black "Gorodetzky, David"]
[Result "0-1"]
[WhiteElo "2308"]
[BlackElo "2495"]
[PlyCount "58"]
[EventDate "2022.11.01"]
[EventType "swiss (blitz)"]
[EventRounds "11"]
[EventCountry "USA"]
[SourceTitle "EXT 2024"]
[Source "ChessBase"]
[SourceDate "2023.10.10"]
[SourceVersion "1"]
[SourceVersionDate "2023.10.10"]
[SourceQuality "1"]

1. Nf3 Nf6 2. c4 c5 3. g3 b6 4. Bg2 Bb7 5. 0-0 g6 6. b3 Bg7 7. Bb2 0-0 8. Nc3 d5 9. Nxd5 Nxd5 10. Bxg7 Kxg7 11. cxd5 Qxd5 12. d3 Nc6 13. Nd2 Qd7 14. Nc4 e5 15. h4 Rad8 16. h5 Rfe8 17. Qd2 Nd4 18. Bxb7 Qxb7 19. f3 b5 20. Ne3 f5 21. Rac1 Qe7 22. Ng2 e4 23. fxe4 fxe4 24. h6+ Kg8 25. Nf4 Qg5 26. Kg2 exd3 27. Qxd3 Nf5 28. Nh3 Rxd3 29. Nxg5 Rxg3+ 0-1

[Event "Titled Tuesday intern op 18th Oct Late"]
[Site "Chess.com INT"]
[Date "2022.10.18"]
[Round "4"]
[White "Amburgy, Ryan"]
[Black "Vusatiuk, Vladimir"]
[Result "1-0"]
[WhiteElo "2221"]
[BlackElo "2308"]
[PlyCount "85"]
[EventDate "2022.10.18"]
[EventType "swiss (blitz)"]
[EventRounds "11"]
[EventCountry "USA"]
[SourceTitle "EXT 2024"]
[Source "ChessBase"]
[SourceDate "2023.10.10"]
[SourceVersion "1"]
[SourceVersionDate "2023.10.10"]
[SourceQuality "1"]

1. Nf3 Nf6 2. c4 c6 3. Nc3 d5 4. e3 g6 5. d4 Bg7 6. Bd3 0-0 7. 0-0 dxc4 8. Bxc4 b5 9. Bb3 Bb7 10. Qe2 Ba6 11. Nb1 Nd5 12. Rd1 e6 13. e4 Nb6 14. Bg5 Qc7 15. Qe3 N8d7 16. Nc3 c5 17. d5 c4 18. dxe6 fxe6 19. Bc2 Nc5 20. a3 Nb3 21. Bxb3 cxb3 22. Nd2 Nc4 23. Nxc4 bxc4 24. Bh4 Qf4 25. Qh3 Bc8 26. Be7 e5 27. Qg3 Qxg3 28. hxg3 Re8 29. Bc5 Bb7 30. Rd7 Bc6 31. Rc7 Rec8 32. Rxc8+ Rxc8 33. Rd1 Bh6 34. Bxa7 Bg5 35. Bb6 h5 36. a4 Ra8 37. a5 Be7 38. Nd5 Bxd5 39. exd5 Bb4 40. d6 c3 41. bxc3 Bxa5 42. Bxa5 Rxa5 43. d7 1-0

[Event "Titled Tuesday intern op 18th Oct Early"]
[Site "Chess.com INT"]
[Date "2022.10.18"]
[Round "4"]
[White "Vusatiuk, Vladimir"]
[Black "Kislinsky, Alexey"]
[Result "0-1"]
[WhiteElo "2308"]
[BlackElo "2359"]
[PlyCount "60"]
[EventDate "2022.10.18"]
[EventType "swiss (blitz)"]
[EventRounds "11"]
[EventCountry "USA"]
[SourceTitle "EXT 2024"]
[Source "ChessBase"]
[SourceDate "2023.10.10"]
[SourceVersion "1"]
[SourceVersionDate "2023.10.10"]
[SourceQuality "1"]

1. Nc3 c5 2. a3 g6 3. e4 Bg7 4. f4 Nc6 5. Nf3 e6 6. Bc4 Nge7 7. Ba2 d5 8. d3 0-0 9. 0-0 Nd4 10. Ne2 Nxf3+ 11. gxf3 f5 12. Qe1 b6 13. Ng3 Bb7 14. Rb1 Nc6 15. c3 Kh8 16. Bd2 Ba6 17. c4 dxe4 18. dxe4 Bxc4 19. Bxc4 Qd4+ 20. Kg2 Qxc4 21. h4 Rad8 22. h5 gxh5 23. Nxh5 Rg8 24. Kh1 Bd4 25. e5 Rg6 26. Qh4 Rdg8 27. Nf6 R8g7 28. Rbe1 Qd3 29. Bc1 Qc2 30. Qh3 Rh6 0-1

[Event "Titled Tuesday intern op 18th Oct Late"]
[Site "Chess.com INT"]
[Date "2022.10.18"]
[Round "5"]
[White "Vusatiuk, Vladimir"]
[Black "Romero Ruscalleda, Josep"]
[Result "1-0"]
[WhiteElo "2308"]
[BlackElo "2193"]
[PlyCount "83"]
[EventDate "2022.10.18"]
[EventType "swiss (blitz)"]
[EventRounds "11"]
[EventCountry "USA"]
[SourceTitle "EXT 2024"]
[Source "ChessBase"]
[SourceDate "2023.10.10"]
[SourceVersion "1"]
[SourceVersionDate "2023.10.10"]
[SourceQuality "1"]

1. Nf3 g6 2. g3 Bg7 3. Bg2 d6 4. 0-0 e5 5. d4 exd4 6. Bg5 Ne7 7. Nxd4 0-0 8. Nc3 f6 9. Be3 Nbc6 10. Qd2 Ne5 11. Bh6 Nc4 12. Qc1 c5 13. Bxg7 Kxg7 14. Nf3 Ne5 15. Rd1 Be6 16. Nxe5 fxe5 17. Bxb7 Rb8 18. Bg2 Nf5 19. e3 Qb6 20. b3 c4 21. Ne4 d5 22. Ng5 cxb3 23. axb3 e4 24. Rxa7+ Qxa7 25. Nxe6+ Kg8 26. Nxf8 Rxf8 27. Rxd5 Re8 28. Qd1 Rc8 29. Rd8+ Rxd8 30. Qxd8+ Kg7 31. Bxe4 Nxe3 32. Qa8 Qxa8 33. Bxa8 Nxc2 34. Kf1 Kf6 35. Bd5 Ke5 36. Bg8 h6 37. f4+ Kf6 38. Ke2 g5 39. fxg5+ Kxg5 40. Kd3 Nb4+ 41. Kc4 Na2 42. b4 1-0

[Event "Titled Tuesday intern op 18th Oct Late"]
[Site "Chess.com INT"]
[Date "2022.10.18"]
[Round "3"]
[White "Wiegmann, Sascha"]
[Black "Vusatiuk, Vladimir"]
[Result "0-1"]
[WhiteElo "2280"]
[BlackElo "2308"]
[PlyCount "118"]
[EventDate "2022.10.18"]
[EventType "swiss (blitz)"]
[EventRounds "11"]
[EventCountry "USA"]
[SourceTitle "EXT 2024"]
[Source "ChessBase"]
[SourceDate "2023.10.10"]
[SourceVersion "1"]
[SourceVersionDate "2023.10.10"]
[SourceQuality "1"]

1. Nf3 Nf6 2. g3 g6 3. Bg2 Bg7 4. 0-0 0-0 5. d3 d5 6. Nbd2 c5 7. e4 dxe4 8. dxe4 Nc6 9. c3 b6 10. Re1 e6 11. e5 Nd5 12. h4 Qc7 13. Qe2 h6 14. Nf1 a5 15. N1h2 Ba6 16. Qe4 Rad8 17. Ng4 h5 18. Nh6+ Kh8 19. g4 hxg4 20. Nxg4 Nde7 21. Bg5 Bd3 22. Qf4 Bf5 23. Nf6 Nd5 24. Qg3 Bxf6 25. Bxf6+ Nxf6 26. exf6 Qxg3 27. fxg3 Rd6 28. Rad1 Rfd8 29. Rxd6 Rxd6 30. Kf2 e5 31. Ng5 Rxf6 32. Ke3 Kg7 33. Rd1 a4 34. g4 Bxg4 35. Rd2 Na5 36. Bd5 Be6 37. Ne4 Bxd5 38. Rxd5 Re6 39. Kd3 f5 40. Ng5 Re7 41. Rd6 f4 42. Ke4 Nc4 43. Rc6 Nd2+ 44. Kd3 Nf1 45. Ne4 Ng3 46. Nd6 e4+ 47. Kd2 e3+ 48. Ke1 f3 49. Ne8+ Rxe8 50. Kd1 e2+ 51. Kc2 e1Q 52. Rc7+ Re7 53. Rxe7+ Qxe7 54. b3 f2 55. bxa4 f1Q 56. Kb3 Qe6+ 57. c4 Qfxc4+ 58. Ka3 Qee2 59. a5 Qexa2# 0-1

[Event "Titled Tuesday intern op 30th Aug Late"]
[Site "Chess.com INT"]
[Date "2022.08.30"]
[Round "1"]
[White "Andreikin, Dmitry"]
[Black "Vusatiuk, Vladimir"]
[Result "1-0"]
[WhiteElo "2729"]
[BlackElo "2308"]
[PlyCount "43"]
[EventDate "2022.08.30"]
[EventType "swiss (blitz)"]
[EventRounds "11"]
[EventCountry "USA"]
[SourceTitle "EXT 2023"]
[Source "ChessBase"]
[SourceDate "2022.10.05"]
[SourceVersion "1"]
[SourceVersionDate "2022.10.05"]
[SourceQuality "1"]

1. d4 Nf6 2. c4 e6 3. Nf3 d5 4. g3 Bb4+ 5. Nbd2 0-0 6. Bg2 b6 7. 0-0 Bb7 8. Ne5 Be7 9. b3 Nbd7 10. Bb2 c5 11. Nxd7 Qxd7 12. dxc5 Bxc5 13. Bxf6 gxf6 14. cxd5 Bxd5 15. Ne4 Bxe4 16. Qxd7 Bxg2 17. Kxg2 Rfd8 18. Qa4 Rd4 19. Qc6 Rad8 20. e3 R4d6 21. Qf3 f5 22. Rad1 1-0

[Event "Titled Tuesday intern op 30th Aug Late"]
[Site "Chess.com INT"]
[Date "2022.08.30"]
[Round "4"]
[White "Vusatiuk, Vladimir"]
[Black "Averjanov, Alexey"]
[Result "0-1"]
[WhiteElo "2308"]
[BlackElo "2399"]
[PlyCount "122"]
[EventDate "2022.08.30"]
[EventType "swiss (blitz)"]
[EventRounds "11"]
[EventCountry "USA"]
[SourceTitle "EXT 2023"]
[Source "ChessBase"]
[SourceDate "2022.10.05"]
[SourceVersion "1"]
[SourceVersionDate "2022.10.05"]
[SourceQuality "1"]

1. d4 d5 2. c4 dxc4 3. e3 Nf6 4. Bxc4 e6 5. Nf3 a6 6. 0-0 b5 7. Be2 Bb7 8. b3 Nbd7 9. Bb2 c5 10. a4 b4 11. Nbd2 Be7 12. Nc4 Qc7 13. Nfe5 0-0 14. Rc1 Rfd8 15. Bf3 Rac8 16. Bxb7 Qxb7 17. Qe2 cxd4 18. Na5 d3 19. Qxd3 Qb6 20. Nec6 Bf8 21. Nxd8 Rxd8 22. Nc6 Re8 23. Bd4 Qb7 24. Na5 Qa8 25. f3 e5 26. Ba1 e4 27. Qd4 exf3 28. gxf3 Ne5 29. e4 Nh5 30. Rc7 Nf4 31. Qa7 Nxf3+ 32. Rxf3 Qxe4 33. Qf2 Qb1+ 34. Qf1 Re1 35. Rxf4 Qxa1 36. Nc4 Rxf1+ 37. Rxf1 Qd4+ 38. Kg2 Qe4+ 39. Rf3 f6 40. Ra7 Qe2+ 41. Kg3 Qe1+ 42. Kg2 Bc5 43. Ra8+ Kf7 44. Rxa6 Qe2+ 45. Kg3 Bg1 46. Nd6+ Kg6 47. Kf4 Bxh2+ 48. Kg4 h5+ 49. Kh3 Qxf3+ 50. Kxh2 Qe2+ 51. Kg3 Qxa6 52. Nc4 Qxc4 53. bxc4 b3 54. c5 b2 55. c6 b1Q 56. c7 Qb3+ 57. Kh4 Qxa4+ 58. Kg3 Qb3+ 59. Kh4 Qc4+ 60. Kg3 Qxc7+ 61. Kh4 Qh2# 0-1

[Event "Titled Tuesday intern op 30th Aug Late"]
[Site "Chess.com INT"]
[Date "2022.08.30"]
[Round "5"]
[White "Vusatiuk, Vladimir"]
[Black "Yeritsyan, Hayk"]
[Result "1-0"]
[WhiteElo "2308"]
[BlackElo "2231"]
[PlyCount "101"]
[EventDate "2022.08.30"]
[EventType "swiss (blitz)"]
[EventRounds "11"]
[EventCountry "USA"]
[SourceTitle "EXT 2023"]
[Source "ChessBase"]
[SourceDate "2022.10.05"]
[SourceVersion "1"]
[SourceVersionDate "2022.10.05"]
[SourceQuality "1"]

1. Nf3 d5 2. b3 Nf6 3. Bb2 Bf5 4. e3 e6 5. Nh4 Bg6 6. g3 c6 7. Bg2 Be7 8. 0-0 0-0 9. Nxg6 hxg6 10. d3 Nbd7 11. Nd2 Bd6 12. e4 Be5 13. d4 Bc7 14. e5 Ne8 15. f4 c5 16. c4 cxd4 17. Bxd4 Bb6 18. Bxb6 Qxb6+ 19. Kh1 Nc7 20. cxd5 Nxd5 21. Nc4 Qc7 22. Bxd5 exd5 23. Qxd5 Nb6 24. Nxb6 Qxb6 25. Rfd1 Rfd8 26. Qg2 Rac8 27. Rac1 Rxc1 28. Rxc1 Qe3 29. Qc2 Qf3+ 30. Kg1 Qe3+ 31. Kh1 Qf3+ 32. Qg2 Qe3 33. Rg1 Rd2 34. Qxb7 Qe2 35. Qc8+ Kh7 36. Qh3+ Kg8 37. Qg2 Qe3 38. Qa8+ Kh7 39. h4 Rxa2 40. Rg2 Qxb3 41. Qe4 Rxg2 42. Kxg2 a5 43. h5 a4 44. hxg6+ fxg6 45. e6 a3 46. e7 Qb2+ 47. Kh3 a2 48. e8Q Qf6 49. Qd5 g5 50. Qdg8+ Kh6 51. Qh8# 1-0

[Event "Titled Tuesday intern op 23rd Aug Early"]
[Site "Chess.com INT"]
[Date "2022.08.23"]
[Round "2"]
[White "Smietanska, Wiktoria"]
[Black "Vusatiuk, Vladimir"]
[Result "0-1"]
[WhiteElo "1881"]
[BlackElo "2308"]
[PlyCount "138"]
[EventDate "2022.08.23"]
[EventType "swiss (blitz)"]
[EventRounds "11"]
[EventCountry "USA"]
[SourceTitle "EXT 2023"]
[Source "ChessBase"]
[SourceDate "2022.10.05"]
[SourceVersion "1"]
[SourceVersionDate "2022.10.05"]
[SourceQuality "1"]

1. c4 e6 2. Nc3 d5 3. cxd5 exd5 4. d4 c6 5. Nf3 Bd6 6. Bg5 f6 7. Bh4 Ne7 8. e3 Bf5 9. Bd3 Bxd3 10. Qxd3 Qd7 11. 0-0 Qf5 12. Qd2 g5 13. Bg3 Bxg3 14. fxg3 Qe6 15. Rae1 0-0 16. e4 dxe4 17. Nxe4 Qd7 18. Nfxg5 fxg5 19. Qxg5+ Ng6 20. Rxf8+ Kxf8 21. Qh6+ Qg7 22. Rf1+ Kg8 23. Nf6+ Kh8 24. Qxg7+ Kxg7 25. Ne8+ Kg8 26. Nc7 Na6 27. Nxa8 Ne7 28. Rf3 Nd5 29. a3 h6 30. Kf2 Kg7 31. b4 Nb8 32. g4 a6 33. h4 Nd7 34. g5 hxg5 35. hxg5 Kg6 36. g4 Kxg5 37. Rf7 N5f6 38. Nc7 Kxg4 39. Re7 Kf5 40. Re1 Ne4+ 41. Kf3 Ndf6 42. Rd1 Nc3 43. Rd3 Nce4 44. d5 Ng5+ 45. Ke3 cxd5 46. Nxd5 Nd7 47. Ne7+ Ke6 48. Ng6 Nf7 49. Nf4+ Ke7 50. Nd5+ Ke8 51. Nc7+ Ke7 52. Kd4 Nd6 53. Nd5+ Kd8 54. Kc3 Ne4+ 55. Kb3 Ne5 56. Re3 Nd2+ 57. Kc3 Ndc4 58. Nf6 Nxe3 59. Kd4 N3c4 60. Kd5 Kc7 61. Ne4 b5 62. Nc5 Kb6 63. Ne6 Nc6 64. Nc5 Nxa3 65. Nd7+ Kc7 66. Nc5 Nxb4+ 67. Kd4 Nc4 68. Nxa6+ Nxa6 69. Kc3 Kb6 0-1

[Event "Titled Tuesday intern op 23rd Aug Early"]
[Site "Chess.com INT"]
[Date "2022.08.23"]
[Round "3"]
[White "Vusatiuk, Vladimir"]
[Black "Cruz, Cristhian"]
[Result "1-0"]
[WhiteElo "2308"]
[BlackElo "2568"]
[PlyCount "163"]
[EventDate "2022.08.23"]
[EventType "swiss (blitz)"]
[EventRounds "11"]
[EventCountry "USA"]
[SourceTitle "EXT 2023"]
[Source "ChessBase"]
[SourceDate "2022.10.05"]
[SourceVersion "1"]
[SourceVersionDate "2022.10.05"]
[SourceQuality "1"]

1. d4 d5 2. c4 e6 3. Nf3 Nf6 4. g3 dxc4 5. Qa4+ Bd7 6. Qxc4 Bc6 7. Bg2 Be7 8. 0-0 0-0 9. Nc3 a6 10. a4 b5 11. Qd3 b4 12. Nb1 Be4 13. Qd1 c5 14. Nbd2 Bd5 15. dxc5 Nbd7 16. Nb3 Nxc5 17. Nxc5 Bxc5 18. Bf4 Qb6 19. Rc1 Rac8 20. e3 a5 21. Ne5 Rfd8 22. Qe2 h6 23. h4 Bf8 24. Nc4 Qa6 25. b3 Bxg2 26. Kxg2 Nd5 27. Be5 Nb6 28. Qg4 Nxc4 29. Rxc4 Qb7+ 30. Qe4 Qxe4+ 31. Rxe4 Rd3 32. Rb1 Rd5 33. Bb2 Rc2 34. Rd4 Rxd4 35. Bxd4 Bc5 36. Bxc5 Rxc5 37. Kf3 Rc3 38. Ke4 Kf8 39. Kd4 Ke7 40. h5 Kd6 41. f4 f6 42. g4 e5+ 43. fxe5+ fxe5+ 44. Ke4 Ke6 45. Rb2 Rc1 46. Rd2 Rg1 47. Kf3 Rf1+ 48. Ke4 Rg1 49. Kf3 Rb1 50. Rd3 Rb2 51. Ke4 Rg2 52. Kf3 Rc2 53. Ke4 Rb2 54. Rd5 Rxb3 55. Rxe5+ Kf6 56. Rxa5 Ra3 57. Kf4 b3 58. Ra6+ Kf7 59. Kf5 b2 60. Ra7+ Kf8 61. Rb7 Rxa4 62. Rb8+ Ke7 63. Rb7+ Kf8 64. Rxb2 Ra5+ 65. Kf4 Ra4+ 66. e4 Ra5 67. e5 Kf7 68. Rb7+ Kg8 69. Kf5 Rc5 70. Rb8+ Kf7 71. Rb7+ Kg8 72. Ke6 Rc4 73. Ke7 Kh7 74. e6 Rxg4 75. Kd6 Rd4+ 76. Ke5 Rd1 77. e7 Re1+ 78. Kd6 Rd1+ 79. Ke6 Re1+ 80. Kd7 Rd1+ 81. Kc8 Re1 82. Kd8 1-0

[Event "Titled Tuesday intern op 16th Aug Late"]
[Site "Chess.com INT"]
[Date "2022.08.16"]
[Round "3"]
[White "Begmuratov, Khumoyun"]
[Black "Vusatiuk, Vladimir"]
[Result "1-0"]
[WhiteElo "2353"]
[BlackElo "2308"]
[PlyCount "59"]
[EventDate "2022.08.16"]
[EventType "swiss (blitz)"]
[EventRounds "11"]
[EventCountry "USA"]
[SourceTitle "EXT 2023"]
[Source "ChessBase"]
[SourceDate "2022.10.05"]
[SourceVersion "1"]
[SourceVersionDate "2022.10.05"]
[SourceQuality "1"]

1. e4 e6 2. d4 d5 3. Nc3 Nf6 4. Bg5 dxe4 5. Nxe4 Be7 6. Bxf6 gxf6 7. Nf3 f5 8. Ng3 c5 9. Bb5+ Nc6 10. 0-0 Bd7 11. d5 Nb4 12. Bxd7+ Qxd7 13. dxe6 Qxd1 14. exf7+ Kxf7 15. Rfxd1 Nxc2 16. Rac1 Nd4 17. Nxd4 cxd4 18. Nxf5 Bf6 19. Rc7+ Kg6 20. Ng3 b5 21. Ne4 Rhc8 22. Rd7 Be5 23. Rd5 Bh8 24. Rxb5 Rab8 25. Rg5+ Kh6 26. h4 Rxb2 27. Nd6 Rf8 28. Rc1 Rfxf2 29. Rc6 Bf6 30. Nf7# 1-0

[Event "Titled Tuesday intern op 16th Aug Late"]
[Site "Chess.com INT"]
[Date "2022.08.16"]
[Round "1"]
[White "Vivekananthan, Anish"]
[Black "Vusatiuk, Vladimir"]
[Result "1-0"]
[WhiteElo "2356"]
[BlackElo "2308"]
[PlyCount "117"]
[EventDate "2022.08.16"]
[EventType "swiss (blitz)"]
[EventRounds "11"]
[EventCountry "USA"]
[SourceTitle "EXT 2023"]
[Source "ChessBase"]
[SourceDate "2022.10.05"]
[SourceVersion "1"]
[SourceVersionDate "2022.10.05"]
[SourceQuality "1"]

1. d4 Nf6 2. Nf3 e6 3. c4 d5 4. Nc3 a6 5. cxd5 exd5 6. Bg5 Be6 7. e3 Nbd7 8. Bd3 Bd6 9. 0-0 0-0 10. Qc2 h6 11. Bh4 c6 12. Ne2 Qb8 13. Bg3 g6 14. Bxg6 Bxg3 15. hxg3 fxg6 16. Qxg6+ Kh8 17. Qxh6+ Kg8 18. Qg6+ Kh8 19. Qh6+ Kg8 20. Nf4 Qd6 21. Ng6 Nh7 22. Ng5 Nxg5 23. Nxf8 Nf7 24. Qxe6 Nxf8 25. Qg4+ Qg6 26. Qxg6+ Nxg6 27. f3 Nd6 28. Kf2 Re8 29. g4 Nc4 30. b3 Nxe3 31. Rfe1 Nxg4+ 32. fxg4 Rf8+ 33. Kg3 Nf4 34. Rf1 Ne2+ 35. Kh4 Rd8 36. Rad1 Rd7 37. g5 Nc3 38. Rde1 Ne4 39. Rf4 Rh7+ 40. Kg4 Rg7 41. Rexe4 dxe4 42. Rxe4 Kf7 43. Kf5 Rg8 44. Re6 Rh8 45. g6+ Kf8 46. Kf6 Rg8 47. Rd6 Ke8 48. g7 a5 49. g4 a4 50. Re6+ Kd8 51. Kf7 Rxg7+ 52. Kxg7 axb3 53. axb3 Kd7 54. Re5 Kd6 55. g5 b6 56. Kf6 c5 57. dxc5+ bxc5 58. g6 c4 59. bxc4 1-0

[Event "Titled Tuesday intern op 16th Aug Late"]
[Site "Chess.com INT"]
[Date "2022.08.16"]
[Round "2"]
[White "Vusatiuk, Vladimir"]
[Black "Fernandez Hernandez, Gerardo"]
[Result "1-0"]
[WhiteElo "2308"]
[BlackElo "2169"]
[PlyCount "247"]
[EventDate "2022.08.16"]
[EventType "swiss (blitz)"]
[EventRounds "11"]
[EventCountry "USA"]
[SourceTitle "EXT 2023"]
[Source "ChessBase"]
[SourceDate "2022.10.05"]
[SourceVersion "1"]
[SourceVersionDate "2022.10.05"]
[SourceQuality "1"]

1. d4 Nf6 2. Nf3 g6 3. Bf4 Bg7 4. e3 0-0 5. Be2 d6 6. h3 b6 7. 0-0 Bb7 8. a4 a6 9. a5 b5 10. c4 c6 11. Nc3 b4 12. Na4 Nbd7 13. Qb3 c5 14. dxc5 Nxc5 15. Qxb4 Rb8 16. Nb6 Nfd7 17. Nxd7 Qxd7 18. Qa3 Bxf3 19. Bxf3 Bxb2 20. Qa2 Bxa1 21. Qxa1 Qa4 22. Qc3 Rb3 23. Qd4 Ne6 24. Qa7 Nxf4 25. Bd1 Ne6 26. Qxe7 Qxc4 27. Bxb3 Qxb3 28. Qxd6 Qb5 29. Ra1 Rd8 30. Qb6 Qxb6 31. axb6 Rb8 32. Rxa6 Nc5 33. Ra5 Nd7 34. Rd5 Nxb6 35. Rd1 Kg7 36. h4 Re8 37. g3 Nc4 38. Kg2 Ne5 39. Rd5 f6 40. Ra5 Re7 41. Ra6 h5 42. Ra5 Ng4 43. Ra2 Rc7 44. Rb2 Rc1 45. Ra2 Rc4 46. Ra7+ Kh6 47. Ra2 Rc5 48. Rb2 Rf5 49. Re2 Ne5 50. e4 Rf3 51. Rc2 Rd3 52. Rc8 Rd4 53. Re8 Rxe4 54. f4 Re2+ 55. Kf1 Re3 56. fxe5 Rxe5 57. Rf8 Kg7 58. Ra8 Re3 59. Kf2 Rb3 60. Ra7+ Kh6 61. Ra2 Rb6 62. Kg2 g5 63. Rf2 Kg6 64. hxg5 fxg5 65. Kh3 h4 66. gxh4 Rb3+ 67. Kg2 gxh4 68. Ra2 Kg5 69. Ra8 Kg4 70. Rg8+ Kh5 71. Kh2 Rb2+ 72. Kh3 Rb3+ 73. Kh2 Rb2+ 74. Kh1 Rb1+ 75. Kg2 Rb2+ 76. Kf3 Rb3+ 77. Kf4 Rg3 78. Rh8+ Kg6 79. Rxh4 Rg1 80. Rh8 Kf7 81. Rh7+ Kg8 82. Ra7 Rf1+ 83. Kg3 Rg1+ 84. Kf2 Rg7 85. Ra8+ Kh7 86. Kf3 Rf7+ 87. Kg4 Rg7+ 88. Kh5 Rc7 89. Ra5 Rc6 90. Ra7+ Kg8 91. Rb7 Kf8 92. Kg5 Ke8 93. Kf5 Kd8 94. Ke5 Kc8 95. Rh7 Rc7 96. Rh8+ Kb7 97. Kd6 Rc6+ 98. Kd7 Rc7+ 99. Ke6 Rc6+ 100. Kd5 Rc7 101. Rh6 Rd7+ 102. Kc5 Rc7+ 103. Kb5 Rg7 104. Rb6+ Kc7 105. Rc6+ Kb7 106. Rc5 Rf7 107. Ka5 Rg7 108. Rb5+ Ka7 109. Rf5 Re7 110. Kb5 Rd7 111. Kc6 Rh7 112. Ra5+ Kb8 113. Rb5+ Kc8 114. Rg5 Rh6+ 115. Kc5 Kc7 116. Rg7+ Kd8 117. Kd5 Kc8 118. Ke5 Kd8 119. Kf5 Kc8 120. Kg5 Ra6 121. Rg8+ Kc7 122. Rg6 Kb8 123. Rxa6 Kb7 124. Rf6 1-0